00646 2200181 4500245004200000020001800042250001100060100001700071700001900088650001700107005001900124260003800143041001400181084000800195300002900203500022300232336000900455 aCinta yang HilangcAchmad MunifhText a979-7564-48-7 aCet. 1 aAchmad Munif aWindy Afiyanti aNovel Remaja a20231002132028 aYogyakartabPenerbit Narasic2004 aIndonesia a813 aviii, 152 hlm. :c18 cm. aBima bertekad tidak akan menjalin cinta selama ketakutannya terhadap masa depan belum terjawab. keinginan untuk mendekati nuring yang hitam manis ditepisnya jauh jauh pun ajakan kunti yang menggoda tidak ditanggapinya. atext